Catálogo

INTRODUCCION A LAS TECNOLOGIAS DE INFORMACION (Registro nro. 48415)

Detalles MARC
000 -LEADER
fixed length control field 00822nam a2200205 a 4500
001 - CONTROL NUMBER
control field 48415
005 - DATE AND TIME OF LATEST TRANSACTION
control field 20180714032723.0
008 - FIXED-LENGTH DATA ELEMENTS--GENERAL INFORMATION
fixed length control field 140415s2000 mx 000 0 spa d
020 ## - INTERNATIONAL STANDARD BOOK NUMBER
International Standard Book Number 9684445083
041 ## - LANGUAGE CODE
Language code of text/sound track or separate title spa
082 ## - DEWEY DECIMAL CLASSIFICATION NUMBER
Classification number 004
Item number REY
100 1# - MAIN ENTRY--PERSONAL NAME
Personal name REYNOSO CASTELLANOS, ANGELINA TERESITA
245 10 - TITLE STATEMENT
Title INTRODUCCION A LAS TECNOLOGIAS DE INFORMACION
250 ## - EDITION STATEMENT
Edition statement 1a ed.
260 ## - PUBLICATION, DISTRIBUTION, ETC.
Place of publication, distribution, etc. MEXICO :
Name of publisher, distributor, etc. INSTITUTO TECNOLOGICO AUTONOMO DE MEXICO,
Date of publication, distribution, etc. 2000
300 ## - PHYSICAL DESCRIPTION
Extent 342
Dimensions 20.7 x 0.6 x 26.8
490 ## - SERIES STATEMENT
Series statement COLECCION PERIODISMO CULTURAL
520 ## - SUMMARY, ETC.
Summary, etc. EL OBJETIVO PRINCIPAL DE ESTE TUTORIAL ES QUE EL USUARIO CONOZCA LOS TÓPICOS MÁS IMPORTANTES RELACIONADOS CON LAS TECNOLOGÍAS DE INFORMACIÓN UTILIZADAS COMÚNMENTE, COMO LAS REDES Y LOS SISTEMAS DE INFORMACIÓN.
650 14 - SUBJECT ADDED ENTRY--TOPICAL TERM
Topical term or geographic name entry element TECNOLOGA DE LA INFORMACIN
Existencias
Withdrawn status Lost status Source of classification or shelving scheme Damaged status Not for loan Collection code Home library Current library Shelving location Date acquired Source of acquisition Inventory number Total Checkouts Full call number Barcode Date last seen Price effective from Koha item type
    Dewey Decimal Classification     General Biblioteca Karol Wojtyla Biblioteca Karol Wojtyla Sala general 03/12/2013 Compra 151000000000000000065052   '004 REY 72374 05/01/2026 03/12/2013 Libro